| 000 | 01278nam a2200265 i 4500 | ||
|---|---|---|---|
| 005 | 20250604124422.0 | ||
| 008 | 250604s2023 ii a br 000 p tam d | ||
| 020 |
_a9788119063871 _cRM16.80 _qpaperback |
||
| 040 |
_aPPAK _beng _cPPAK _erda |
||
| 082 | 0 | 4 |
_223 _a894.8111 |
| 090 | 0 | 0 |
_a894.8111 _bPAT _dK |
| 245 | 0 | 0 |
_6880-01 _aPāṭṭu nalla pāṭṭu! = The song is a good song! / _cEditor: Vishnupuram Saravanan ; Illustrations: Pillai |
| 264 | 1 |
_aChennai, India : _bSRV Tamil Publishing House, _c2023 |
|
| 300 |
_a24 pages : _bcolor illustrations ; _c17 x 19 cm |
||
| 336 |
_atext _2rdacontent |
||
| 337 |
_aunmediated _2rdamedia |
||
| 338 |
_avolume _2rdacarrier |
||
| 650 | 1 | 0 | _aChildren's poetry, Tamil |
| 700 | 1 |
_6880-2 _aSaravanan, Vishnupuram, _eeditor. |
|
| 700 | 0 |
_6880-3 _aPillai, _eillustrator. |
|
| 880 | 0 | 0 |
_6245-01 _aபாட்டு நல்ல பாட்டு! / _cதொகுப்பாசிரியர்: விஷ்ணுபுரம் சரவணன் ; ஓவியங்கள் : பிள்ளை |
| 880 | 1 |
_6700-02 _aசரவணன், விஷ்ணுபுரம், _eதொகுப்பாசிரியர். |
|
| 880 | 0 |
_6700-03 _aபிள்ளை, _eஓவியங்கள். |
|
| 942 |
_2ddc _cB |
||
| 999 |
_c199717 _d199717 |
||